[Event "Varennes"]
[Site "Varennes CAN"]
[Date "2014.11.07"]
[Round "1"]
[White "Pomerantz, Daniel"]
[Black "Bolduc, Steve"]
[Result "0-1"]
[WhiteElo "1925"]
[BlackElo "2299"]
[PlyCount "92"]
[EventDate "2014.11.07"]
[EventType "swiss"]
[EventRounds "5"]
[EventCountry "CAN"]

1. e4 c5 2. Nf3 d6 3. d4 cxd4 4. Nxd4 Nf6 5. Nc3 a6 6. Bg5 e6 7. f4 Qc7 8. Qf3
b5 9. Bxf6 gxf6 10. Bd3 b4 11. Nce2 Nd7 12. O-O h5 13. Kh1 Bb7 14. c3 a5 15.
cxb4 axb4 16. a4 Nc5 17. Qe3 Be7 18. Nb5 Qa5 19. Ned4 h4 20. h3 Rg8 21. Nf3 Rg3
22. Qd2 f5 23. exf5 Bxf3 24. Rxf3 Rxf3 25. gxf3 Nb3 26. Qd1 Nxa1 27. Qxa1 Qxa4
28. Qc1 Qa1 29. Bb1 Kf8 30. fxe6 fxe6 31. f5 exf5 32. Qh6+ Ke8 33. Qg6+ Kd8 34.
Qxf5 Ra5 35. Qd3 Rxb5 36. Qxb5 Qxb1+ 37. Kg2 Qxb2+ 38. Kf1 Qc1+ 39. Ke2 Qc2+
40. Kf1 b3 41. Qb8+ Kd7 42. Qb7+ Ke6 43. Qb4 b2 44. Qg4+ Kd5 45. Qg8+ Kd4 46.
Qg7+ Kd3 0-1

[Event "Varennes"]
[Site "Varennes CAN"]
[Date "2014.11.07"]
[Round "1"]
[White "Sambuev, Bator"]
[Black "Poulin, Maurice"]
[Result "1-0"]
[WhiteElo "2559"]
[BlackElo "1999"]
[PlyCount "37"]
[EventDate "2014.11.07"]
[EventType "swiss"]
[EventRounds "5"]
[EventCountry "CAN"]

1. e4 g6 2. d4 Bg7 3. Nc3 d6 4. h4 h5 5. Bg5 a6 6. Qd2 Nc6 7. Nge2 Qd7 8. O-O-O
e6 9. d5 Nce7 10. dxe6 Qxe6 11. Nf4 Qd7 12. Nfd5 f6 13. Be3 Nh6 14. Bxh6 Nxd5
15. Bxg7 Nxc3 16. Bxh8 Nxa2+ 17. Kb1 Qa4 18. Bxf6 Be6 19. b3 1-0

[Event "Varennes"]
[Site "Varennes CAN"]
[Date "2014.11.07"]
[Round "1"]
[White "Simard, Francois"]
[Black "Turcotte, Jonathan"]
[Result "1-0"]
[WhiteElo "1804"]
[BlackElo "2142"]
[PlyCount "59"]
[EventDate "2014.11.07"]
[EventType "swiss"]
[EventRounds "5"]
[EventCountry "CAN"]

1. d4 d5 2. c4 c6 3. cxd5 cxd5 4. Nc3 Nf6 5. Bg5 e6 6. Nf3 Nc6 7. a3 Be7 8. e3
O-O 9. Bd3 Bd7 10. O-O Rc8 11. Rc1 Na5 12. Ne5 Nc4 13. Qc2 h6 14. Bh4 a6 15.
Qe2 b5 16. f4 Bc6 17. g4 Bb7 18. g5 Ne4 19. Nxe4 dxe4 20. Bxc4 bxc4 21. Rxc4
Rxc4 22. Qxc4 hxg5 23. Bg3 gxf4 24. Bxf4 Qd5 25. Qxd5 Bxd5 26. Rc1 Bd8 27. Nc6
Bh4 28. Nb4 g5 29. Bg3 Bxg3 30. hxg3 1-0

[Event "Varennes"]
[Site "Varennes CAN"]
[Date "2014.11.07"]
[Round "1"]
[White "Zhu, Hong Rui"]
[Black "Morissette, Jean"]
[Result "1-0"]
[WhiteElo "2180"]
[BlackElo "1885"]
[PlyCount "51"]
[EventDate "2014.11.07"]
[EventType "swiss"]
[EventRounds "5"]
[EventCountry "CAN"]

1. e4 c5 2. Ne2 Nc6 3. d4 cxd4 4. Nxd4 e5 5. Nb5 d6 6. N1c3 a6 7. Na3 b5 8. Nd5
Nce7 9. Bg5 h6 10. Bxb5+ axb5 11. Nxb5 Ra6 12. Ndc7+ Kd7 13. Bxe7 Nxe7 14. Nxa6
Qa5+ 15. Nc3 Bxa6 16. Qg4+ Kc7 17. Qf3 Bc4 18. O-O-O f5 19. exf5 d5 20. f6 d4
21. Nb1 Nd5 22. fxg7 Nb4 23. Na3 Nxa2+ 24. Kb1 Nc3+ 25. Qxc3 dxc3 26. Nxc4 1-0

[Event "Varennes"]
[Site "Varennes CAN"]
[Date "2014.11.08"]
[Round "2"]
[White "Bolduc, Steve"]
[Black "Giroux, Robert"]
[Result "1-0"]
[WhiteElo "2299"]
[BlackElo "1960"]
[PlyCount "131"]
[EventDate "2014.11.07"]
[EventType "swiss"]
[EventRounds "5"]
[EventCountry "CAN"]

1. d4 d6 2. e4 Nf6 3. Nc3 c6 4. Bg5 Nbd7 5. Bd3 e5 6. Nf3 Be7 7. O-O O-O 8. a4
exd4 9. Nxd4 Nc5 10. Re1 a5 11. Bf1 Re8 12. f3 Nh5 13. Bxe7 Qxe7 14. Qd2 Qf6
15. Rad1 Ne6 16. Nxe6 Bxe6 17. Qxd6 Nf4 18. g3 Ng6 19. f4 Bg4 20. Qxf6 gxf6 21.
Be2 Bxe2 22. Rxe2 Rad8 23. Red2 Rxd2 24. Rxd2 Nf8 25. Kf2 Kg7 26. Kf3 Ne6 27.
f5 Nc5 28. Rd6 Re7 29. b3 Rd7 30. Rxd7 Nxd7 31. g4 h5 32. h3 hxg4+ 33. hxg4 Kf8
34. Nd1 Ke7 35. Nb2 b5 36. Ke3 Kd6 37. Kd4 Ne5 38. axb5 cxb5 39. c3 Nxg4 40. c4
Kc6 41. cxb5+ Kxb5 42. Nd3 Ne5 43. Nxe5 fxe5+ 44. Kxe5 Kb4 45. Kf6 Kxb3 46.
Kxf7 a4 47. e5 a3 48. e6 a2 49. e7 a1=Q 50. e8=Q Qh1 51. Qe6+ Ka4 52. f6 Qb7+
53. Kf8 Qb4+ 54. Qe7 Qh4 55. Qd7+ Ka5 56. Qd5+ Ka4 57. f7 Qb4+ 58. Ke8 Qb8+ 59.
Ke7 Qb4+ 60. Kd7 Qg4+ 61. Qe6 Qb4 62. Qe8 Qb7+ 63. Ke6+ Ka5 64. Qd8+ Ka6 65.
Qd6+ Ka5 66. Qa3+ 1-0

[Event "Varennes"]
[Site "Varennes CAN"]
[Date "2014.11.08"]
[Round "2"]
[White "Forget, Luc"]
[Black "Chabot, Roland"]
[Result "0-1"]
[WhiteElo "1962"]
[BlackElo "2191"]
[PlyCount "86"]
[EventDate "2014.11.07"]
[EventType "swiss"]
[EventRounds "5"]
[EventCountry "CAN"]

1. d4 d6 2. Nf3 Nf6 3. c4 g6 4. Nc3 Bg7 5. e4 O-O 6. Be2 e5 7. O-O exd4 8. Nxd4
Re8 9. f3 c6 10. Kh1 Nbd7 11. Bg5 Qb6 12. Nb3 a5 13. c5 dxc5 14. Be3 a4 15. Nd2
Qd8 16. Nxa4 Nd5 17. Bf2 Nf4 18. Nc3 b5 19. a3 c4 20. g3 Nxe2 21. Qxe2 Ne5 22.
Rad1 Nd3 23. Ndb1 Nxf2+ 24. Qxf2 Qe7 25. Rfe1 Be6 26. Kg2 h5 27. Nd5 Qa7 28.
Qxa7 Rxa7 29. Ndc3 h4 30. g4 Be5 31. Re2 Kg7 32. Red2 Bf4 33. Re2 Raa8 34. Na2
h3+ 35. Kg1 Red8 36. Nbc3 Rd3 37. Nb4 Rxf3 38. Nxc6 Bxg4 39. Nd5 Bd6 40. Rde1
Bc5+ 41. Ne3 Rf4 42. Rf2 Rxe4 43. Nxg4 Rxe1# 0-1

[Event "Varennes"]
[Site "Varennes CAN"]
[Date "2014.11.08"]
[Round "2"]
[White "Gauthier, Denis"]
[Black "Hirschberg, Valerian"]
[Result "0-1"]
[WhiteElo "1914"]
[BlackElo "2332"]
[PlyCount "116"]
[EventDate "2014.11.07"]
[EventType "swiss"]
[EventRounds "5"]
[EventCountry "CAN"]

1. d4 d5 2. c4 dxc4 3. e4 e5 4. Nf3 exd4 5. Bxc4 Nc6 6. O-O Be6 7. Bb5 Bc5 8.
Bg5 Qd6 9. Nbd2 f6 10. Bh4 O-O-O 11. Rc1 Bb6 12. Bxc6 bxc6 13. Qa4 Ne7 14. e5
Qd7 15. exf6 Ng6 16. fxg7 Qxg7 17. Bg3 Kb8 18. Qxc6 Bd5 19. Qb5 h5 20. Rxc7
Qxc7 21. Bxc7+ Kxc7 22. Rc1+ Kb8 23. a4 Bb7 24. b4 Rd5 25. Qe2 d3 26. Qe6 Nf4
27. Qf6 Ne2+ 28. Kf1 Rhd8 29. Rc4 Nd4 30. Nxd4 Bxd4 31. Qf7 R8d7 32. Qe8+ Rd8
33. Qg6 Rf8 34. f3 Be5 35. Rc5 Rxc5 36. bxc5 Rd8 37. Qxh5 Bc3 38. Qg5 Re8 39.
Qf4+ Ka8 40. Ne4 Bxe4 41. fxe4 d2 42. Ke2 Rd8 43. Kd1 Rb8 44. Qxb8+ Kxb8 45.
Kc2 Kc7 46. e5 Bxe5 47. g3 Bc3 48. g4 Kc6 49. g5 Kxc5 50. h4 Kd6 51. h5 Ke6 52.
g6 Kf6 53. Kd1 Kg7 54. Kc2 Kh6 55. Kd1 Kxh5 56. g7 Bxg7 57. Kxd2 Kg5 58. a5 Kf5
0-1

[Event "Varennes"]
[Site "Varennes CAN"]
[Date "2014.11.08"]
[Round "2"]
[White "Libersan, Thierry"]
[Black "Simard, Francois"]
[Result "1-0"]
[WhiteElo "2182"]
[BlackElo "1804"]
[PlyCount "53"]
[EventDate "2014.11.07"]
[EventType "swiss"]
[EventRounds "5"]
[EventCountry "CAN"]

1. e4 c5 2. Nf3 Nc6 3. Bb5 g6 4. O-O Bg7 5. Nc3 d6 6. h3 Bd7 7. Re1 Nf6 8. d3
O-O 9. Bf4 Nh5 10. Bd2 Qa5 11. Bc4 Ne5 12. Bb3 Rac8 13. a4 Be6 14. Bxe6 Nxf3+
15. Qxf3 fxe6 16. Qg4 Kf7 17. e5 Bxe5 18. Ne4 Qb6 19. Ng5+ Kg8 20. Qxe6+ Kh8
21. Nf7+ Rxf7 22. Qxf7 Bf6 23. Rxe7 Bxe7 24. Bc3+ Bf6 25. Bxf6+ Nxf6 26. Qxf6+
Kg8 27. Qe6+ 1-0

[Event "Varennes"]
[Site "Varennes CAN"]
[Date "2014.11.08"]
[Round "2"]
[White "Masse, Hugues"]
[Black "Pomerantz, Daniel"]
[Result "1-0"]
[WhiteElo "2316"]
[BlackElo "1925"]
[PlyCount "41"]
[EventDate "2014.11.07"]
[EventType "swiss"]
[EventRounds "5"]
[EventCountry "CAN"]

1. d4 Nf6 2. c4 e6 3. g3 c5 4. d5 exd5 5. cxd5 d6 6. Nc3 g6 7. Nf3 Bg7 8. Bg2
O-O 9. O-O Re8 10. Bf4 a6 11. a4 b6 12. Re1 Bb7 13. e4 Qc7 14. e5 dxe5 15. Nxe5
Qc8 16. Nc4 Rxe1+ 17. Qxe1 Qd8 18. Nd6 Ra7 19. Nxf7 Qf8 20. Ng5 Nbd7 21. Qe6+
1-0

[Event "Varennes"]
[Site "Varennes CAN"]
[Date "2014.11.08"]
[Round "2"]
[White "Morin, Louis"]
[Black "Le Duin, Thierry"]
[Result "1/2-1/2"]
[WhiteElo "1976"]
[BlackElo "2041"]
[PlyCount "147"]
[EventDate "2014.11.07"]
[EventType "swiss"]
[EventRounds "5"]
[EventCountry "CAN"]

1. e4 d5 2. exd5 Nf6 3. c4 e6 4. d4 exd5 5. Nc3 c6 6. Nf3 Bb4 7. Bd3 Qe7+ 8.
Be3 Ng4 9. O-O Nxe3 10. fxe3 Qxe3+ 11. Kh1 O-O 12. Qc2 g6 13. cxd5 Bxc3 14.
Qxc3 cxd5 15. Rae1 Qh6 16. Re5 Be6 17. Ng5 Nc6 18. Nxe6 fxe6 19. Rxe6 Rxf1+ 20.
Bxf1 Rf8 21. Qd3 Qf4 22. Re1 Qxd4 23. Qxd4 Nxd4 24. Kg1 Nc6 25. Rd1 d4 26. Bb5
Rd8 27. Kf1 Kf7 28. Ke2 Ke6 29. Kd3 a6 30. Bxc6 bxc6 31. Kc4 Ke5 32. b4 Rd5 33.
Kd3 Kd6 34. Kc4 Ke5 35. Kd3 a5 36. a3 axb4 37. axb4 c5 38. Re1+ Kd6 39. bxc5+
Kxc5 40. Re4 Rg5 41. g3 Rh5 42. h4 Rf5 43. Rxd4 Rf3+ 44. Ke2 Rxg3 45. Ra4 Kd5
46. Kf2 Rh3 47. Kg2 Re3 48. h5 Re7 49. hxg6 hxg6 50. Kg3 Ke5 51. Kg4 Kf6 52.
Ra6+ Kg7 53. Ra5 Kh6 54. Rb5 Re4+ 55. Kf3 Ra4 56. Kg3 g5 57. Rb1 Kh5 58. Rh1+
Kg6 59. Rb1 Rc4 60. Rb6+ Kh5 61. Rb1 Rc3+ 62. Kg2 Kh4 63. Rb4+ g4 64. Rb1 Rc2+
65. Kg1 Kh3 66. Rb3+ g3 67. Rb1 Rg2+ 68. Kh1 Re2 69. Kg1 Kg4 70. Rb4+ Kf3 71.
Rb3+ Re3 72. Rxe3+ Kxe3 73. Kg2 Kf4 74. Kg1 1/2-1/2

[Event "Varennes"]
[Site "Varennes CAN"]
[Date "2014.11.08"]
[Round "2"]
[White "Ouellet, Maili-Jade"]
[Black "Sambuev, Bator"]
[Result "0-1"]
[WhiteElo "2001"]
[BlackElo "2559"]
[PlyCount "88"]
[EventDate "2014.11.07"]
[EventType "swiss"]
[EventRounds "5"]
[EventCountry "CAN"]

1. d4 d5 2. c4 e6 3. Nc3 c5 4. e3 Nf6 5. Nf3 Nc6 6. Be2 dxc4 7. Bxc4 cxd4 8.
exd4 Be7 9. O-O O-O 10. a3 a6 11. b4 b5 12. Bb3 Bb7 13. Bg5 h6 14. Bh4 Nh5 15.
Bxe7 Nxe7 16. Re1 Nf6 17. Ne5 Rc8 18. Ne2 Nf5 19. f3 Bd5 20. Bxd5 Qxd5 21. Qd2
Rfd8 22. Rad1 Qb3 23. Qd3 Qxd3 24. Rxd3 Rc2 25. g4 Nh4 26. Kf2 Nd5 27. Kg3 g5
28. f4 Rxe2 29. Rxe2 Nxf4 30. Red2 Nxd3 31. Rxd3 Rd6 32. Rd2 f6 33. Nf3 Nxf3
34. Kxf3 Kf7 35. Ke4 Rc6 36. Rd3 Rc4 37. h3 e5 38. Rd2 Rxd4+ 39. Rxd4 exd4 40.
Kxd4 f5 41. gxf5 Kf6 42. Kc5 h5 43. Kb6 g4 44. hxg4 hxg4 0-1

[Event "Varennes"]
[Site "Varennes CAN"]
[Date "2014.11.08"]
[Round "2"]
[White "Poulin, Maurice"]
[Black "Fan, Run Kun"]
[Result "1-0"]
[WhiteElo "1999"]
[BlackElo "1770"]
[PlyCount "93"]
[EventDate "2014.11.07"]
[EventType "swiss"]
[EventRounds "5"]
[EventCountry "CAN"]

1. e4 c5 2. Nf3 Nc6 3. Bb5 d6 4. O-O Bd7 5. Re1 Nf6 6. c3 a6 7. Bf1 Bg4 8. h3
Bh5 9. d3 e6 10. g4 Bg6 11. Nh4 Nd7 12. Nxg6 hxg6 13. Nd2 Be7 14. Nf3 Nde5 15.
Nh2 g5 16. d4 Ng6 17. Nf3 Nf4 18. Bxf4 gxf4 19. dxc5 dxc5 20. Qc2 Qc7 21. Rad1
O-O 22. e5 Qa5 23. a4 b5 24. axb5 axb5 25. Qe4 Qb6 26. Bd3 g6 27. g5 Ra4 28.
Qe2 c4 29. Bc2 Ra2 30. Bb1 Ra1 31. h4 Bc5 32. Kg2 Ne7 33. h5 Raa8 34. Rh1 Nf5
35. hxg6 fxg6 36. Bxf5 gxf5 37. Rh6 Rad8 38. Rdh1 Qc6 39. Rg6+ Kf7 40. Rf6+ Kg8
41. Rg6+ Kf7 42. Rhh6 Qe4 43. Rf6+ Ke8 44. Rxe6+ Kd7 45. Qd1+ Kc7 46. Qa1 Ra8
47. Ra6 1-0

[Event "Varennes"]
[Site "Varennes CAN"]
[Date "2014.11.08"]
[Round "2"]
[White "Saha, Ananda"]
[Black "Luo, Alan"]
[Result "1/2-1/2"]
[WhiteElo "1803"]
[BlackElo "1699"]
[PlyCount "86"]
[EventDate "2014.11.07"]
[EventType "swiss"]
[EventRounds "5"]
[EventCountry "CAN"]

1. d4 d5 2. c4 e6 3. Nc3 c5 4. cxd5 cxd4 5. Qa4+ Bd7 6. Qxd4 Bc6 7. e4 exd5 8.
exd5 Bd7 9. Bf4 Qe7+ 10. Be2 Qb4 11. O-O-O Qxd4 12. Rxd4 Nf6 13. b4 Be7 14. Nb5
Bxb5 15. Bxb5+ Nbd7 16. d6 Rc8+ 17. Kb1 Bd8 18. Bxd7+ Kxd7 19. Nf3 Bb6 20. Rd2
Ne4 21. Rc2 Rxc2 22. Kxc2 Rc8+ 23. Kb3 f6 24. Re1 Nxd6 25. Rd1 Bc7 26. Nd4 Ke7
27. Bxd6+ Kxd6 28. Nb5+ Ke7 29. Nxa7 Rd8 30. Rc1 Be5 31. Rc2 Bxh2 32. g3 f5 33.
Nc8+ Ke6 34. Nb6 Rd6 35. Na4 b6 36. Nb2 f4 37. g4 Bg1 38. f3 Kf6 39. Rg2 Be3
40. Nc4 Re6 41. a4 Re7 42. Nd6 Rd7 43. Ne4+ Ke5 1/2-1/2

[Event "Varennes"]
[Site "Varennes CAN"]
[Date "2014.11.08"]
[Round "2"]
[White "Turcotte, Jonathan"]
[Black "Gunapalan, David"]
[Result "1-0"]
[WhiteElo "2142"]
[BlackElo "1900"]
[PlyCount "39"]
[EventDate "2014.11.07"]
[EventType "swiss"]
[EventRounds "5"]
[EventCountry "CAN"]

1. d4 d5 2. Nf3 c5 3. c4 e6 4. cxd5 exd5 5. Nc3 Nc6 6. g3 Nf6 7. Bg2 Be7 8. O-O
O-O 9. Bg5 c4 10. Ne5 Be6 11. f4 Bf5 12. e3 Nb4 13. Qd2 h6 14. Bh4 Rc8 15. a3
Nd3 16. b3 b5 17. Nxb5 Qb6 18. bxc4 dxc4 19. Nc3 Rfd8 20. g4 1-0

[Event "Varennes"]
[Site "Varennes CAN"]
[Date "2014.11.08"]
[Round "2"]
[White "Weston, Paul"]
[Black "Barre, Michel"]
[Result "1/2-1/2"]
[WhiteElo "1946"]
[BlackElo "1964"]
[PlyCount "30"]
[EventDate "2014.11.07"]
[EventType "swiss"]
[EventRounds "5"]
[EventCountry "CAN"]

1. e4 e5 2. Nf3 Nc6 3. Bb5 d6 4. c3 Nf6 5. d3 Bd7 6. O-O Be7 7. Re1 O-O 8. h3
a6 9. Ba4 b5 10. Bb3 Na5 11. Bc2 c5 12. Nbd2 Nc6 13. Nf1 h6 14. Ng3 Qc8 15. Be3
a5 1/2-1/2

[Event "Varennes"]
[Site "Varennes CAN"]
[Date "2014.11.08"]
[Round "3"]
[White "Barre, Michel"]
[Black "Forget, Luc"]
[Result "0-1"]
[WhiteElo "1964"]
[BlackElo "1962"]
[PlyCount "78"]
[EventDate "2014.11.07"]
[EventType "swiss"]
[EventRounds "5"]
[EventCountry "CAN"]

1. e4 e5 2. Nf3 Nf6 3. Nc3 Nc6 4. d4 exd4 5. Nxd4 Bb4 6. Nxc6 bxc6 7. Bd3 O-O
8. O-O d5 9. exd5 cxd5 10. Bd2 c6 11. Ne2 a5 12. a3 Bxd2 13. Qxd2 c5 14. Ng3 h6
15. Rfe1 Qc7 16. Bb5 Be6 17. a4 Rad8 18. Rad1 Bg4 19. f3 Be6 20. Ne2 Bd7 21.
Bxd7 Rxd7 22. Nc3 Rfd8 23. Nb5 Qc6 24. Re2 d4 25. Qe1 Nd5 26. Re8+ Kh7 27. Rxd8
Rxd8 28. Qe4+ Qg6 29. Qe2 Nf4 30. Qd2 Ne6 31. Rc1 c4 32. Na3 c3 33. bxc3 dxc3
34. Qe3 Rd2 35. g3 Nd4 36. Re1 Qh5 37. h4 Nxf3+ 38. Kf1 Nxe1 39. Qxe1 Rd1 0-1

[Event "Varennes"]
[Site "Varennes CAN"]
[Date "2014.11.08"]
[Round "3"]
[White "Chabot, Roland"]
[Black "Morin, Louis"]
[Result "1-0"]
[WhiteElo "2191"]
[BlackElo "1976"]
[PlyCount "79"]
[EventDate "2014.11.07"]
[EventType "swiss"]
[EventRounds "5"]
[EventCountry "CAN"]

1. Nf3 d6 2. d4 Nf6 3. c4 Nbd7 4. Nc3 e5 5. e4 Be7 6. Be2 O-O 7. O-O c6 8. Qc2
Re8 9. Rd1 Qc7 10. Rb1 Bf8 11. b4 a5 12. a3 axb4 13. axb4 exd4 14. Nxd4 Ne5 15.
Bg5 Nfd7 16. f4 Ng6 17. f5 Nge5 18. Kh1 Be7 19. Bxe7 Rxe7 20. Rd2 Nf6 21. h3
Bd7 22. Qb3 Rae8 23. Rbd1 Bc8 24. Nc2 Ned7 25. Bf3 Nxe4 26. Nxe4 Rxe4 27. Bxe4
Rxe4 28. Rxd6 Nf8 29. f6 gxf6 30. Qg3+ Kh8 31. Qf3 f5 32. Qc3+ Kg8 33. Rd8 Re6
34. Qd3 Rg6 35. Rxf8+ Kxf8 36. Qd8+ Qxd8 37. Rxd8+ Kg7 38. Rxc8 Rg3 39. Nd4 Kf6
40. Nf3 1-0

[Event "Varennes"]
[Site "Varennes CAN"]
[Date "2014.11.08"]
[Round "3"]
[White "Giroux, Robert"]
[Black "Turcotte, Jonathan"]
[Result "1/2-1/2"]
[WhiteElo "1960"]
[BlackElo "2142"]
[PlyCount "131"]
[EventDate "2014.11.07"]
[EventType "swiss"]
[EventRounds "5"]
[EventCountry "CAN"]

1. Nf3 d5 2. d4 Nf6 3. e3 Bf5 4. c4 e6 5. Nc3 c6 6. Qb3 Qb6 7. c5 Qc7 8. Bd2
Nbd7 9. Rc1 Be7 10. Nh4 Be4 11. Nxe4 Nxe4 12. Nf3 Nxd2 13. Nxd2 e5 14. Nf3 exd4
15. exd4 O-O 16. Bd3 Qa5+ 17. Kf1 Rab8 18. Bb1 Bf6 19. Qd3 g6 20. h4 Qa6 21.
Kg1 Qxd3 22. Bxd3 Rfe8 23. Kh2 Nf8 24. Rhd1 Ne6 25. Bf1 h6 26. g3 g5 27. hxg5
hxg5 28. Bh3 Kg7 29. Kg2 Nc7 30. Rc2 Kg6 31. Kf1 Rh8 32. Bg2 Rbe8 33. Rcd2 Re7
34. Ne1 Rhe8 35. Nc2 Bg7 36. Re1 Ne6 37. b3 f5 38. Bf3 g4 39. Bd1 Ng5 40. Rxe7
Rxe7 41. Re2 Ne4 42. Re3 Bh6 43. Rd3 Bg5 44. Kg2 Bf6 45. Re3 Rg7 46. Rd3 Kf7
47. Ne3 Ke6 48. b4 Bd8 49. Kf1 Bc7 50. a4 a6 51. Kg2 Nf6 52. Nc2 f4 53. gxf4
Kf5 54. b5 axb5 55. axb5 Bxf4 56. b6 Rh7 57. Ne3+ Kg5 58. Nf1 Bc1 59. Rb3 Nh5
60. Rb1 Nf4+ 61. Kg1 Nh3+ 62. Kg2 Rf7 63. f3 Nf4+ 64. Kg1 Nh3+ 65. Kg2 Nf4+ 66.
Kg1 1/2-1/2

[Event "Varennes"]
[Site "Varennes CAN"]
[Date "2014.11.08"]
[Round "3"]
[White "Gunapalan, David"]
[Black "Fan, Run Kun"]
[Result "1/2-1/2"]
[WhiteElo "1900"]
[BlackElo "1770"]
[PlyCount "66"]
[EventDate "2014.11.07"]
[EventType "swiss"]
[EventRounds "5"]
[EventCountry "CAN"]

1. e4 Nf6 2. Nc3 e5 3. f4 d6 4. Nf3 Nc6 5. Bc4 Be7 6. d3 O-O 7. f5 Na5 8. Bg5
c6 9. Bb3 Nxb3 10. axb3 b5 11. Qe2 a5 12. h4 b4 13. Nd1 Bb7 14. Bxf6 Bxf6 15.
g4 Re8 16. g5 Be7 17. Qg2 f6 18. Nf2 d5 19. Ng4 dxe4 20. dxe4 Kh8 21. h5 fxg5
22. Ngxe5 Kg8 23. Rd1 Qb6 24. Nc4 Qc7 25. h6 Qf4 26. Nfd2 Bc5 27. Ke2 Ba6 28.
Rdf1 Qe3+ 29. Kd1 Bxc4 30. bxc4 Rad8 31. Kc1 Bd4 32. Rd1 Bc3 33. Rhe1 Bxd2+
1/2-1/2

[Event "Varennes"]
[Site "Varennes CAN"]
[Date "2014.11.08"]
[Round "3"]
[White "Hirschberg, Valerian"]
[Black "Durette, Francis"]
[Result "1-0"]
[WhiteElo "2332"]
[BlackElo "1651"]
[PlyCount "63"]
[EventDate "2014.11.07"]
[EventType "swiss"]
[EventRounds "5"]
[EventCountry "CAN"]

1. Nf3 Nf6 2. g3 e6 3. Bg2 d5 4. O-O Nbd7 5. d4 Bd6 6. c4 dxc4 7. Nbd2 O-O 8.
Nxc4 Re8 9. b3 Rb8 10. Qc2 Nb6 11. e4 Nxc4 12. bxc4 Be7 13. Re1 Bd7 14. h3 h6
15. Be3 a6 16. Red1 c6 17. c5 Nh7 18. Bf4 Ra8 19. Rab1 Qc8 20. Ne5 Ra7 21. Nc4
Qd8 22. Nb6 f6 23. Rd2 Ng5 24. Rbd1 Nf7 25. d5 cxd5 26. exd5 e5 27. Be3 Bb5 28.
a4 Bd7 29. c6 bxc6 30. dxc6 Qc7 31. Rxd7 Qb8 32. c7 1-0

[Event "Varennes"]
[Site "Varennes CAN"]
[Date "2014.11.08"]
[Round "3"]
[White "Le Duin, Thierry"]
[Black "Gauthier, Denis"]
[Result "1-0"]
[WhiteElo "2041"]
[BlackElo "1914"]
[PlyCount "95"]
[EventDate "2014.11.07"]
[EventType "swiss"]
[EventRounds "5"]
[EventCountry "CAN"]

1. d4 Nf6 2. Nf3 e6 3. Bg5 h6 4. Bh4 g5 5. Bg3 Ne4 6. Nbd2 Nxg3 7. hxg3 Bg7 8.
e3 d6 9. Bd3 Nc6 10. c3 Bd7 11. Qc2 Qe7 12. b4 O-O-O 13. a4 f5 14. a5 e5 15. d5
e4 16. dxc6 Bxc6 17. Nd4 Bxd4 18. cxd4 exd3 19. Qxd3 Bxg2 20. Qxf5+ Kb8 21. Rh2
Rdf8 22. Qd3 Bd5 23. b5 Be6 24. Rc1 Rf6 25. b6 cxb6 26. axb6 axb6 27. Qa3 Rf5
28. Ne4 Rd5 29. Qb4 Bd7 30. Qxb6 Bg4 31. Nc3 Bf3 32. Nxd5 Bxd5 33. Ra1 Rh7 34.
Qa7+ Kc8 35. Rc1+ Kd7 36. Qb8 Ke6 37. Qg8+ Qf7 38. Qxf7+ Kxf7 39. Rc7+ Kg6 40.
Rxh7 Kxh7 41. f4 gxf4 42. exf4 Kg6 43. Kf2 h5 44. Ke3 Bc6 45. Kd3 Bf3 46. Rh4
Kf5 47. Ke3 Bg4 48. Rh1 1-0

[Event "Varennes"]
[Site "Varennes CAN"]
[Date "2014.11.08"]
[Round "3"]
[White "Morissette, Jean"]
[Black "Masse, Hugues"]
[Result "0-1"]
[WhiteElo "1885"]
[BlackElo "2316"]
[PlyCount "38"]
[EventDate "2014.11.07"]
[EventType "swiss"]
[EventRounds "5"]
[EventCountry "CAN"]

1. d4 Nf6 2. Bg5 Ne4 3. Bf4 c5 4. d5 e6 5. f3 Qa5+ 6. c3 Nf6 7. e4 exd5 8. exd5
d6 9. Na3 Be7 10. Bc4 a6 11. Nc2 b5 12. b4 Qc7 13. bxc5 bxc4 14. c6 Bf5 15. Ne3
Bd3 16. Ne2 Qa5 17. O-O Nxd5 18. Nxd5 Qxd5 19. Re1 Nxc6 0-1

[Event "Varennes"]
[Site "Varennes CAN"]
[Date "2014.11.08"]
[Round "3"]
[White "Pomerantz, Daniel"]
[Black "Weston, Paul"]
[Result "1-0"]
[WhiteElo "1925"]
[BlackElo "1946"]
[PlyCount "73"]
[EventDate "2014.11.07"]
[EventType "swiss"]
[EventRounds "5"]
[EventCountry "CAN"]

1. e4 e6 2. d4 d5 3. Nd2 dxe4 4. Nxe4 Nf6 5. Bg5 Be7 6. Bxf6 gxf6 7. Nf3 b6 8.
Bb5+ c6 9. Bd3 Bb7 10. Qe2 Qc7 11. O-O Nd7 12. c4 h5 13. Rac1 Rc8 14. Nc3 h4
15. h3 Qf4 16. Qe4 Qxe4 17. Bxe4 f5 18. Bd3 Rg8 19. Rfe1 Kf8 20. d5 cxd5 21.
cxd5 Nc5 22. Bb1 exd5 23. Bxf5 Rd8 24. Nd4 Bf6 25. Rcd1 Rg5 26. Bg4 a6 27. b4
Ne4 28. Na4 Be7 29. Nf3 Rg8 30. Nxb6 Nc3 31. Rd4 Nb5 32. Nd7+ Rxd7 33. Bxd7
Nxd4 34. Nxd4 Bxb4 35. Rb1 a5 36. a3 Bc3 37. Nf5 1-0

[Event "Varennes"]
[Site "Varennes CAN"]
[Date "2014.11.08"]
[Round "3"]
[White "Sambuev, Bator"]
[Black "Bolduc, Steve"]
[Result "1-0"]
[WhiteElo "2559"]
[BlackElo "2299"]
[PlyCount "33"]
[EventDate "2014.11.07"]
[EventType "swiss"]
[EventRounds "5"]
[EventCountry "CAN"]

1. d4 Nf6 2. c4 e6 3. Nc3 Bb4 4. e3 Bxc3+ 5. bxc3 c5 6. Bd3 d6 7. Ne2 Nc6 8.
O-O e5 9. Ng3 O-O 10. d5 Ne7 11. f4 exf4 12. exf4 Ng6 13. f5 Ne5 14. Bg5 Qa5
15. Bxf6 gxf6 16. Qd2 Kh8 17. Qh6 1-0

[Event "Varennes"]
[Site "Varennes CAN"]
[Date "2014.11.08"]
[Round "3"]
[White "Simard, Francois"]
[Black "Ouellet, Maili-Jade"]
[Result "1-0"]
[WhiteElo "1804"]
[BlackElo "2001"]
[PlyCount "133"]
[EventDate "2014.11.07"]
[EventType "swiss"]
[EventRounds "5"]
[EventCountry "CAN"]

1. d4 d5 2. c4 e6 3. Nf3 Nf6 4. Bg5 Be7 5. Nc3 O-O 6. e3 Nbd7 7. Bd3 Re8 8. O-O
Nf8 9. Rc1 c6 10. cxd5 exd5 11. Bb1 Ne6 12. Bh4 g6 13. Ne5 Ng7 14. Na4 Bf5 15.
Bxf5 Nxf5 16. Bg5 Rc8 17. a3 Ne4 18. Bxe7 Qxe7 19. Nc5 Nf6 20. b4 b6 21. Ncd3
Qd6 22. Qa4 Ne7 23. Qxa7 Rb8 24. Nf4 Rec8 25. Rc2 Qd8 26. Qa4 Ra8 27. Qb3 Ne4
28. Rfc1 Qd6 29. Ned3 Rc7 30. Ne2 Rca7 31. Ra2 Kg7 32. Nc3 Ng5 33. Nb1 Ne6 34.
Rac2 Rc8 35. b5 c5 36. dxc5 bxc5 37. Nc3 c4 38. Qb4 Qxb4 39. Nxb4 d4 40. exd4
Nxd4 41. Ra2 Nef5 42. a4 Nb3 43. Rd1 Na5 44. Rad2 Re8 45. Kf1 Re6 46. Rd7 Ra8
47. Re1 Rxe1+ 48. Kxe1 Nb3 49. b6 Nc5 50. Ra7 Re8+ 51. Kd2 Nd6 52. f3 Ndb7 53.
Nbd5 Nb3+ 54. Kc2 N3a5 55. Nc7 Rb8 56. N3d5 Rd8 57. Kc3 Rd7 58. Ra8 g5 59. Kb4
Nc6+ 60. Kxc4 Kg6 61. a5 Ncxa5+ 62. Rxa5 Nxa5+ 63. Kb5 Nb3 64. b7 Rd8 65. Ne7+
Kf6 66. Nc8 Nd4+ 67. Kb6 1-0

[Event "Varennes"]
[Site "Varennes CAN"]
[Date "2014.11.08"]
[Round "3"]
[White "Zhu, Hong Rui"]
[Black "Saha, Ananda"]
[Result "1-0"]
[WhiteElo "2180"]
[BlackElo "1803"]
[PlyCount "55"]
[EventDate "2014.11.07"]
[EventType "swiss"]
[EventRounds "5"]
[EventCountry "CAN"]

1. e4 c5 2. Ne2 e6 3. d4 cxd4 4. Nxd4 a6 5. Be3 Qc7 6. Bd3 Nf6 7. O-O Be7 8. c4
d6 9. Nc3 O-O 10. f4 Nbd7 11. Qe2 b6 12. Kh1 Bb7 13. Bg1 Nc5 14. Bc2 d5 15.
exd5 exd5 16. Nxd5 Bxd5 17. cxd5 Bd6 18. Qf3 Rfd8 19. Rac1 Qb7 20. Nc6 Re8 21.
Bd4 Ncd7 22. Bf5 Bc5 23. Be5 Nxe5 24. fxe5 Nd7 25. Bxh7+ Kxh7 26. Qh5+ Kg8 27.
Qxf7+ Kh8 28. Rc3 1-0